| Tag |
First Indicator |
Second Indicator |
Subfields |
| LEADER |
00000cam a2200000 i 4500 |
| 001 |
in00004668986 |
| 006 |
m o d |
| 007 |
cr unu|||||||| |
| 008 |
191007s2019 gw a o 001 0 ger d |
| 005 |
20260128181701.4 |
| 020 |
|
|
|z 9783864906923
|
| 035 |
|
|
|a (OCoLC)1122564771
|
| 037 |
|
|
|a CL0501000074
|b Safari Books Online
|
| 040 |
|
|
|a UMI
|b eng
|e rda
|e pn
|c UMI
|d OCLCF
|d OCLCQ
|d OCLCO
|d OCLCQ
|
| 041 |
1 |
|
|a ger
|h eng
|
| 049 |
|
|
|a TXAM
|
| 050 |
|
4 |
|a TR660
|
| 100 |
1 |
|
|a Kelby, Scott,
|e author.
|
| 245 |
1 |
0 |
|a Landschaftsfotografie für Einsteiger :
|b Über 190 Rezepte für atemberaubende Landschaftsaufnahmen /
|c Scott Kelby.
|
| 250 |
|
|
|a 1. Auflage.
|
| 264 |
|
1 |
|a Heidelberg :
|b Dpunkt.verlag,
|c [2019]
|
| 264 |
|
4 |
|c ©2019
|
| 300 |
|
|
|a 1 online resource (1 volume) :
|b illustrations
|
| 336 |
|
|
|a text
|b txt
|2 rdacontent
|
| 337 |
|
|
|a computer
|b c
|2 rdamedia
|
| 338 |
|
|
|a online resource
|b cr
|2 rdacarrier
|
| 588 |
0 |
|
|a Online resource; title from title page (Safari, viewed October 4, 2019).
|
| 500 |
|
|
|a Authorized translation of the original English title: The landscape photography book, by Rocky Nook, 2019. Cf. Title page verso.
|
| 500 |
|
|
|a Includes index.
|
| 650 |
|
0 |
|a Landscape photography.
|
| 650 |
|
0 |
|a Photography
|x Digital techniques.
|
| 650 |
|
0 |
|a Image processing
|x Digital techniques.
|
| 650 |
|
6 |
|a Photographie de paysages.
|
| 650 |
|
6 |
|a Photographie numérique.
|
| 650 |
|
6 |
|a Traitement d'images
|x Techniques numériques.
|
| 650 |
|
7 |
|a digital imaging.
|2 aat
|
| 650 |
|
7 |
|a Image processing
|x Digital techniques.
|2 fast
|0 (OCoLC)fst00967508
|
| 650 |
|
7 |
|a Landscape photography.
|2 fast
|0 (OCoLC)fst00992030
|
| 650 |
|
7 |
|a Photography
|x Digital techniques.
|2 fast
|0 (OCoLC)fst01061736
|
| 700 |
1 |
2 |
|i Translation of:
|a Kelby, Scott.
|t Landscape photography book.
|l German.
|
| 856 |
4 |
0 |
|u https://proxy.library.tamu.edu/login?url=https://go.oreilly.com/TAMU/library/view/-/9781098123093/?ar
|z Connect to the full text of this electronic book
|t 0
|
| 955 |
|
|
|a Safari/O'Reilly ebooks
|
| 994 |
|
|
|a 92
|b TXA
|
| 999 |
f |
f |
|s 23d7e9e7-378e-496d-9297-306ba5e84778
|i 9f29659e-4cf5-407a-ac1b-eff7690856a6
|t 0
|
| 952 |
f |
f |
|a Texas A&M University
|b College Station
|c Electronic Resources
|s www_evans
|d Available Online
|t 0
|e TR660
|h Library of Congress classification
|
| 998 |
f |
f |
|a TR660
|t 0
|l Available Online
|